| 000 | 01075nam a22002657a 4500 | ||
|---|---|---|---|
| 005 | 20240530110503.0 | ||
| 008 | 150516s2011 ua g b 000 0 ara d | ||
| 017 |
_a8957 _bمصر . دار الكتب المصرية |
||
| 020 | _a9770527246 | ||
| 040 | _aEG-CaGPL | ||
| 082 | 0 | 4 |
_221 _a150.198\ _bم إ |
| 100 | 0 | _aمحمد فتحى محمد | |
| 245 | 1 |
_aادمان المخدرات والمسكرات : _bبين الواقع والخيالى من منظور التحليل النفسى اللاكانى / _cتاليف محمد فتحى محمد |
|
| 250 | _aط1 | ||
| 260 |
_aالقاهرة : _bمكتبة الانجلو الامريكية ، _c2011 . |
||
| 300 |
_a349 ص ؛ _c24 سم |
||
| 504 | _aببليوجرافية : ص 333 - 349 | ||
| 650 | 0 | 4 | _aادمان المخدرات |
| 650 | 0 | 4 | _aادمان المشروبات الروحية |
| 650 | 0 | 4 | _aالكحول والشباب |
| 650 | 0 | 4 |
_aالمخدرات _xالجوانب النفسية |
| 650 | 0 | 4 | _aالمخدرات والشباب |
| 942 |
_2ddc _cBK |
||
| 999 |
_c61517 _d61517 |
||